000 02557cam a22005294i 4500
003 PE-LiUPU
005 20250731173509.0
008 150616s1995 ag r 000 0 spa d
020 _a9505735103
035 _a(Sirsi) i9789505735105
040 _aPE-LiUPU
_bspa
_cPE-LiUPU
_erda
049 _aPRUA
050 _aBX6148.2
_b.MBEW
082 0 4 _a286.732
_bN69 W
_221
110 2 _aAsociación Casa Editora Sudamericana
245 1 0 _aNotas Biográficas de Elena G. de White :
_bNarración autobiográfica hasta 1881 y resumen de su vida posterior basado en fuentes originales /
_cAsociación Casa Editora Sudamericana.
264 1 _aBuenos Aires :
_bACES,
_c1995.
300 _a526 páginas ;
_c18 centímetros
336 _atext
_2rdacontent
337 _aunmediated
_2rdamedia
338 _avolume
_2rdacarrier
505 0 _aMi infancia -- Mi conversión -- Luchando contra la duda -- Comienzo de mis actividades públicas -- Mi separación de la iglesia -- La desilusión de 1843-1844 -- Mi primera visión -- Llamada a viajar -- Oraciones contestadas -- Haciendo frente al fanatismo -- El Sábado del Señor -- etc. Biografía White, Ellen.
526 _aSEG42
526 _aSEG41
526 _aSEG40
526 _aSEG39
526 _aP94
526 _aP87
526 _aP86
526 _aP85
526 _aP77
526 _aP76
526 _aP35
600 1 _aWhite, Elena G. de,
_d1827-1915
910 _ajck
942 _2ddc
_cBOOK
949 _aBX6148.2 .MBEW 1995
_wDEWEY
_c1
_i40660
_lCIA
_mBWL
_r1
_sY
_tBOOK
_u2015-4-23
_xWHITE
_zUNKNOWN
_0COMPRA
_o.STAFF. Colección General
949 _a286.732 N69 W
_wDEWEY
_c1
_i74405
_d2017-6-13
_e2017-6-6
_f2017-2-15
_g1
_lCCODEBUL1
_mBUL
_n1
_p19.00
_r0
_sY
_tBOOK
_u2016-8-11
_xTEOLOGIA
_0COMPRA
_o.STAFF. Colección General
949 _a286.732 N69 W
_wDEWEY
_c2
_i40659
_e2017-4-6
_f2017-2-15
_g1
_lCCODEBUL1
_mBUL
_n1
_r0
_sY
_tBOOK
_u2015-6-16
_xTEOLOGIA
_zUNKNOWN
_0COMPRA
_o.STAFF. Colección General
949 _aW929 NBEGW 1995
_wDEWEY
_c1
_iFJ09661
_lCCODECWJ1
_mBUJ
_p15.00
_r0
_sY
_tBOOK
_u2017-12-14
_xBIBLIOTECA
_zUNKNOWN
_0DONACION
_o.STAFF. Colección General Juliaca
949 _aW929 NBEGW 1995
_wDEWEY
_c2
_iFJ09662
_lCCODECWJ1
_mBUJ
_p15.00
_r0
_sY
_tBOOK
_u2017-12-14
_xBIBLIOTECA
_zUNKNOWN
_0DONACION
_o.STAFF. Colección General Juliaca
980 _81
_gALBERTO SANCHEZ Responsable de Automatización
999 _c58448
_d58448